|
|
|
|
| LEADER |
01031nam a2200253 a 4500 |
| 001 |
15810045 |
| 008 |
120524s2010 cauab be 001 0 eng d |
| 010 |
|
|
|a 2009026609
|
| 020 |
|
|
|a 9781412914321 (cloth)
|
| 020 |
|
|
|a 1412914329 (cloth)
|
| 040 |
|
|
|a DLC
|c DLC
|d NDD
|d YDXCP
|d BWX
|d SHH
|d DLC
|d BD-DhAAL
|
| 082 |
0 |
0 |
|a 307.76003
|2 22
|
| 245 |
0 |
0 |
|a Encyclopedia of urban studies,
|n volume 1 /
|c edited by Ray Hutchison.
|
| 260 |
|
|
|a Thousand Oaks, Calif. :
|b SAGE Publications,
|c c2010.
|
| 300 |
|
|
|a 2 v. (xxviii, 1-539 p.) :
|b ill., map ;
|c 29 cm.
|
| 362 |
0 |
|
|a Volume 1
|
| 504 |
|
|
|a Includes bibliographical references and index.
|
| 541 |
1 |
|
|e 00025271
|
| 650 |
|
0 |
|a Cities and towns
|v Encyclopedias.
|
| 650 |
|
0 |
|a Sociology, Urban
|v Encyclopedias.
|
| 700 |
1 |
|
|a Hutchison, Ray.
|
| 852 |
1 |
|
|a Ayesha Abed Library
|j General shelf
|
| 999 |
|
|
|c 12264
|d 12264
|
| 952 |
|
|
|0 0
|1 0
|4 0
|6 307_760030000000000_ENC
|7 0
|9 20306
|a BRACUL
|b BRACUL
|c GEN
|d 2012-05-24
|e Karim International
|g 1150.00
|l 2
|m 5
|o 307.76003 ENC
|p 3010025271
|r 2015-09-01
|s 2015-08-02
|t 1
|w 2012-05-24
|y BK
|